Alternativa metodológica interdisciplinaria entre el proceso de enseñanza aprendizaje de la matemática y la física (Record no. 178185)
[ view plain ]
| 000 -CABECERA | |
|---|---|
| campo de control de longitud fija | 02078nab a2200301 a 4500 |
| 005 - FECHA Y HORA DE LA ÚLTIMA TRANSACCIÓN | |
| campo de control | 20260127164037.0 |
| 008 - ELEMENTOS DE LONGITUD FIJA--INFORMACIÓN GENERAL | |
| campo de control de longitud fija | 991125c2015 cu qr p o 000 0 spa d |
| 035 ## - NÚMERO DE CONTROL DEL SISTEMA | |
| Número de control de sistema | UPN01000206084 |
| 040 ## - FUENTE DE LA CATALOGACIÓN | |
| Centro catalogador/agencia de origen | MX-MxUPN |
| Lengua de catalogación | spa |
| Centro/agencia transcriptor | MX-MxUPN |
| Normas de descripción | aacr2 |
| 049 ## - COLECCIÓN | |
| Colección | ART-E |
| 100 1# - ASIENTO PRINCIPAL--NOMBRE PERSONAL | |
| Nombre de persona | Herrera García, Raúl |
| 100 1# - ASIENTO PRINCIPAL--NOMBRE PERSONAL | |
| Filiación | raul82@u cp.lt.rimed.cu |
| 100 1# - ASIENTO PRINCIPAL--NOMBRE PERSONAL | |
| Nombre de persona | Rodríguez Ortiz, Maricela |
| 100 1# - ASIENTO PRINCIPAL--NOMBRE PERSONAL | |
| Nombre de persona | Ochoa Domínguez, Enma Leticia |
| 245 10 - MENCIÓN DE TÍTULO | |
| Título | Alternativa metodológica interdisciplinaria entre el proceso de enseñanza aprendizaje de la matemática y la física |
| 506 0# - NOTA DE RESTRICCIONES AL ACCESO | |
| Limitaciones de acceso | Acceso abierto |
| 520 3# - NOTA DE RESUMEN, ETC. | |
| Sumario, etc. | Para el Ministerio de Educación cubano (MINED) constituye una prioridad el trabajo metodológico, con especial énfasis aquel que facilita las relaciones interdisciplinarias. Esta problemática se refleja además en la Educación Secundaria Básica con el propósito de tratar los elementos didácticos sobre las relaciones entre la Matemática y la Física. La ponencia presenta una alternativa metodológica dirigida al proceso de enseñanza - aprendizaje de la Matemática y la Física. Contiene una fundamentación teórica del tema y las acciones que permiten desarrollar un trabajo interdisciplinario entre las dos asignaturas seleccionadas, las que abarcan las funciones de los niveles organizativos, la preparación metodológ ica y la clase. Su aplicación posibilitó constatar las transformaciones en el modo de actuación de los docentes en la proyección del trabajo metodológico interdisciplinario, lo que condiciona avances en el proceso de enseñanza aprendizaje de la Matemática y la Física. |
| 650 #4 - ASIENTO SECUNDARIO DE MATERIA - TERMINO TEMATICO | |
| Término de materia o nombre geográfico como elemento de entrada | Proceso enseñanza-aprendizaje |
| 9 (RLIN) | 42 |
| 650 #4 - ASIENTO SECUNDARIO DE MATERIA - TERMINO TEMATICO | |
| Término de materia o nombre geográfico como elemento de entrada | Matemáticas |
| 9 (RLIN) | 13035 |
| 653 0# - TERMINO DE INDIZACION - NO CONTROLADO | |
| Término no controlado | Relaciones interdisciplinarias |
| 653 0# - TERMINO DE INDIZACION - NO CONTROLADO | |
| Término no controlado | Enseñanza de la física |
| 653 0# - TERMINO DE INDIZACION - NO CONTROLADO | |
| Término no controlado | Interdisciplinariedad |
| 773 ## - ENLACE AL DOCUMENTO FUENTE/ENTRADA DE REGISTRO ANFITRIÓN | |
| Parte(s) relacionada(s) | Vol. 6, no. 2 (2015), p. 75-90 |
| Título | Didasc@lia : didáctica y educación |
| Número Internacional Normalizado para Publicaciones Seriadas | 2224-2643 |
| 856 4# - LOCALIZACIÓN Y ACCESO ELECTRÓNICOS | |
| Identificador Uniforme del Recurso | <a href="https://dialnet.unirioja.es/servlet/articulo?codigo=6482621">https://dialnet.unirioja.es/servlet/articulo?codigo=6482621</a> |
| 902 ## - ELEMENTOS DE DATOS B LOCAL, LDB (RLIN) | |
| Creó | Gloria Jiménez/270126 |
| 905 ## - TIPO DE MATERIAL | |
| Tipo de material | Articulo |
| 942 ## - ELEMENTOS DE PUNTO DE ACCESO ADICIONAL (KOHA) | |
| Tipo de ítem Koha | Artículo Electrónico |
| Estado de retiro | Estado de pérdida | Estado dañado | No para préstamo | Código de colección | Localización permanente | Ubicación/localización actual | Ubicación en estantería | Fecha de adquisición | Total de préstamos | Fecha visto por última vez | Identificador Uniforme del Recurso | Precio válido a partir de | Tipo de ítem Koha |
|---|---|---|---|---|---|---|---|---|---|---|---|---|---|
| Acceso abierto | Bib. Gregorio Torres Quintero | Bib. Gregorio Torres Quintero | En línea | 27/01/2026 | 27/01/2026 | https://dialnet.unirioja.es/servlet/articulo?codigo=6482621 | 27/01/2026 | Artículo Electrónico |
